000 00920nam a2200265Ia 4500
003 OSt
005 20221005104511.0
006 a|||||r|||| 00| 0
007 ta
008 221004b |||||||| |||| 00| 0 hin d
020 _c285
024 _a88066
037 _b464, 20/03/2008, University Book House
_cTextual
040 _aCRL
_cCRL
_bhin
041 _2hin
_ahin
082 _aO15,1D40,M, 152P3
100 _aसंसारचन्द्र, संपा.
245 0 _aमेघदूतम्
246 _aMeghadūtam
260 _aदिल्ली
_bमोतीलाल बनारसीदास भारत
_c2003
300 _a295पृ0
_ccm.
650 _aसंस्कृत साहित्य
942 _hO15,1D40,M, 152P3
_cTEXL
_2cc
999 _c1012882
_d1012882